| 000 | 02168nam0a2200361 4500 | ||
|---|---|---|---|
| 001 | RU\NLR\BIBL_A\022731803 | ||
| 005 | 20260420063418.0 | ||
| 010 |
_a978-5-907464-91-9 _9500 |
||
| 021 |
_aRU _bКН-П-25-079451 _9КН-П-25-7702 |
||
| 035 | _a(NLR Aleph) 022731803 | ||
| 090 |
_a13688406 _c13688406 |
||
| 100 | _a20260218d2025 k y0rusy50 ca | ||
| 101 | 0 | _arus | |
| 102 | _aRU | ||
| 105 | _aac z 000zy | ||
| 181 | 0 |
_ai3 _baxxe |
|
| 182 | 0 | _an | |
| 200 | 1 |
_aБиомелиоративные приемы первичной обработки и технические средства для повышения плодородия деградированных земель _fПунинский В. С. _gМинистерство науки и высшего образования Российской Федерации, Федеральное государственное бюджетное научное учреждение "Федеральный научный центр гидротехники и мелиорации имени А. Н. Костякова" (ФГБНУ "ФНЦ ВНИИГиМ им. А. Н. Костякова") |
|
| 203 |
_aТекст _bвизуальный _cнепосредственный |
||
| 210 |
_aМосква _cИзд-во ФНЦ ВНИИГиМ _d2025 |
||
| 215 |
_a243 с. _cил., цв. ил., портр. _d21 |
||
| 300 | _aАвт. указан на обороте тит. с. в макете | ||
| 320 | _aБиблиогр.: с. 186-193 (88 назв.) | ||
| 320 | _aДругие работы авт. на 241-й с. | ||
| 606 | 1 |
_aПочвы деградированные _xВосстановление _xАдаптивные технологии _92536264 _3RU\NLR\AUTH\6601715511 |
|
| 686 | 1 | _aП065.82 | |
| 700 | 1 |
_aПунинский _bВ. С. _f1946 - _gВиталий Станиславович |
|
| 712 | 0 | 2 |
_4475 _aФедеральный научный центр гидротехники и мелиорации им. А. Н. Костякова _cМосква _9873290 _3RU\NLR\AUTH\880601439 |
| 942 | _cBOOK | ||
| 980 | _aNB | ||